Toledo en la mano, ó Descripción histórico-artística de la magnífica catedral y de los demás célebres monumentos y cosas notables que encierra esta famosa ciudad, antigua córte de España, con una esplicación sucinta de la misa que se titula Muzárabe, y de las más principales ceremonias que se practican en las funciones y solemnidades religiosas de la Santa Iglesia Primada / (Record no. 161463)

MARC details
000 -LEADER
campo de control de longitud fija 01116nam a2200205 i 4500
001 - NÚMERO DE CONTROL
campo de control 161463
003 - IDENTIFICADOR DE NÚMERO DE CONTROL
campo de control ES-MaACL
005 - FECHA Y HORA DE LA ÚLTIMA TRANSACCIÓN
campo de control 20230906212305.0
008 - DATOS DE LONGITUD FIJA--INFORMACIÓN GENERAL
campo de control de longitud fija 950419s1857 sp |||| | spa d
040 ## - FUENTE DE CATALOGACIÓN
Centro catalogador/agencia de origen EUS
Lengua de catalogación spa
Centro/agencia transcriptor EUS
100 1# - ENTRADA PRINCIPAL--NOMBRE DE PERSONA
Nombre de persona Parro, Sixto Ramón.
9 (RLIN) 89269
245 10 - MENCIÓN DEL TÍTULO
Título Toledo en la mano, ó Descripción histórico-artística de la magnífica catedral y de los demás célebres monumentos y cosas notables que encierra esta famosa ciudad, antigua córte de España, con una esplicación sucinta de la misa que se titula Muzárabe, y de las más principales ceremonias que se practican en las funciones y solemnidades religiosas de la Santa Iglesia Primada /
Mención de responsabilidad, etc. por Sisto Ramón Parro.
260 ## - PUBLICACIÓN, DISTRIBUCIÓN, ETC.
Lugar de publicación, distribución, etc. Toledo :
Nombre del editor, distribuidor, etc. Imprenta y Librería de Severiano López Fando,
Fecha de publicación, distribución, etc. 1857.
300 ## - DESCRIPCIÓN FÍSICA
Extensión 2 v. (VIII, 853 ; 666 p.) ;
Dimensiones 19 cm.
530 ## - NOTA DISPONIBLE DE FORMULARIO FÍSICO ADICIONAL
Nota de formato físico adicional disponible Disponible en formato digital.
610 24 - PUNTO DE ACCESO ADICIONAL DE MATERIA--NOMBRE DE ENTIDAD CORPORATIVA
Nombre de entidad corporativa o nombre de jurisdicción como elemento de entrada Catedral Primada de Toledo.
9 (RLIN) 145491
650 #4 - PUNTO DE ACCESO ADICIONAL DE MATERIA--TÉRMINO DE MATERIA
Término de materia o nombre geográfico como elemento de entrada Arquitectura-
Subdivisión geográfica Toledo.
9 (RLIN) 150895
852 ## - LOCALIZACIÓN
Ubicación ES-MaACL
Número de control de estantería C-15-16
Nota libre -- Enc. hol.
856 ## - LOCALIZACIÓN Y ACCESO ELECTRÓNICOS
Identificador Uniforme de Recursos <a href="http://bdh-rd.bne.es/viewer.vm?id=0000201680&page=1 ">http://bdh-rd.bne.es/viewer.vm?id=0000201680&page=1 </a>
Nota pública Biblioteca Digital Hispánica
Holdings
Estatus retirado Estado de pérdida Estado de daño No para préstamo Colección Biblioteca de origen Biblioteca actual Ubicación en estantería Fecha de adquisición Fuente de adquisición Total de préstamos Signatura topográfica completa Código de barras Visto por última vez Precio de reemplazo Tipo de ítem Koha
        Colección digital Biblioteca del Ateneo de Madrid Biblioteca del Ateneo de Madrid Ficheros 17/01/2008     C-15-16 1169127 23/02/2023 23/02/2023 Libro impreso antiguo